[Event "San Jose op"]
[Site "San Jose"]
[Date "1998.??.??"]
[Round "1"]
[White "Gomez Enguita, Francisco"]
[Black "Fuertes, JF."]
[Result "1-0"]
[WhiteElo "2025"]
[BlackElo "1685"]
[PlyCount "157"]
[EventDate "1998.??.??"]
[EventType "swiss"]
[EventRounds "9"]
[EventCountry "ESP"]
[SourceTitle "EXT 2000"]
[Source "ChessBase"]
[SourceDate "1999.11.16"]
[SourceVersion "1"]
[SourceVersionDate "1999.11.16"]
[SourceQuality "1"]

1. Nf3 Nc6 2. d4 d5 3. g3 e6 4. Bg2 g6 5. 0-0 Bg7 6. Na3 Nge7 7. Bf4 a6 8. c4 0-0 9. Qd2 Nf5 10. cxd5 exd5 11. Bg5 f6 12. Bf4 Nce7 13. Rac1 c6 14. Qb4 a5 15. Qb3 Nd6 16. Nb1 Nc4 17. Nbd2 Nxd2 18. Nxd2 b5 19. e4 Be6 20. Rfe1 Bf7 21. exd5 Nxd5 22. Qf3 Rc8 23. Bh3 f5 24. Be5 Nf6 25. Rxc6 Bd5 26. Rxc8 Qxc8 27. Qc3 Qxc3 28. bxc3 a4 29. a3 Re8 30. Rb1 Bc6 31. Bg2 Bd7 32. Nf3 Ne4 33. Rc1 Bf8 34. Ra1 Nxc3 35. Nd2 Bg7 36. f4 Bxe5 37. dxe5 Be6 38. Kf2 Rd8 39. Ke1 Rd3 40. Nf3 Na2 41. Ng5 Bc4 42. Rd1 Rxd1+ 43. Kxd1 Nc3+ 44. Kc2 Ne2 45. Bb7 h6 46. Nf3 Kf7 47. Kd2 Ke7 48. Bc6 Kf7 49. Bd7 Ke7 50. e6 b4 51. axb4 a3 52. Kc2 a2 53. Kb2 Nc1 54. Ba4 Nd3+ 55. Ka1 Nxb4 56. Ne5 Kf6 57. Nxc4 Kxe6 58. Ne5 Kf6 59. Bb3 g5 60. Bxa2 gxf4 61. gxf4 Nc2+ 62. Kb2 Nd4 63. Bc4 Ne6 64. Bxe6 Kxe6 65. Kc3 Kd5 66. Kd3 Ke6 67. Kd4 h5 68. h3 Kd6 69. Nf7+ Ke6 70. Ne5 Kd6 71. Nf3 Ke6 72. h4 Kd6 73. Nh2 Ke6 74. Nf1 Kd6 75. Ng3 Ke6 76. Nxh5 Kf7 77. Ke5 Kg6 78. Ng3 Kh6 79. Kxf5 1-0

[Event "San Jose op"]
[Site "San Jose"]
[Date "1998.??.??"]
[Round "9"]
[White "Gomez Sanudo, Fernando"]
[Black "Fuertes, JF."]
[Result "0-1"]
[WhiteElo "1815"]
[BlackElo "1685"]
[PlyCount "74"]
[EventDate "1998.??.??"]
[EventType "swiss"]
[EventRounds "9"]
[EventCountry "ESP"]
[SourceTitle "EXT 2000"]
[Source "ChessBase"]
[SourceDate "1999.11.16"]
[SourceVersion "1"]
[SourceVersionDate "1999.11.16"]
[SourceQuality "1"]

1. d4 d5 2. Nf3 e6 3. c3 Nf6 4. Bg5 Be7 5. Nbd2 Nc6 6. e3 Bd6 7. Bd3 a6 8. Qc2 h6 9. Bh4 g5 10. Bg3 Nh5 11. Be5 Bd7 12. h3 Nxe5 13. Nxe5 Bxe5 14. dxe5 Ng7 15. Nf3 Qe7 16. 0-0-0 0-0-0 17. Kb1 Bc6 18. Nd4 Bd7 19. Be2 f6 20. exf6 Qxf6 21. Rhf1 e5 22. Nb3 Bf5 23. Bd3 Bxd3 24. Rxd3 b6 25. Qe2 Kb7 26. Rfd1 c6 27. Ka1 Ne6 28. f3 Rh7 29. e4 Nf4 30. Qf1 Nxd3 31. Rxd3 Rhd7 32. Qd1 Qf7 33. Qe2 dxe4 34. Rxd7+ Qxd7 35. Qxe4 Qd1+ 36. Qb1 Qxb1+ 37. Kxb1 Rd1+ 0-1